000 00290nam a22001337a 4500
008 181102b xxu||||| |||| 00| 0 eng d
020 _a9781559346498
041 _aeng
080 _a610
100 _a3
101 _aSHM
245 _athe Moral OfT he Story
_cNina.R
942 _2udc
_cBK
999 _c51664
_d51664